Fundamentals of Communication Systems, Global Edition/

The full text downloaded to your computer With eBooks you can: search for key concepts, words and phrases make highlights and notes as you study share your notes with friends eBooks are downloaded to your computer and accessible either offline through the Bookshelf (available as a free download), av...

Full description

Saved in:
Bibliographic Details
Main Authors: Proakis, John G. (Author), Salehi, Masoud (Author)
Format: Electronic Book
Published: Harlow : Pearson International Content, 2015.
Edition:Second edition
Subjects:
Online Access:https://resolver.vitalsource.com/9781292015699
Tags: Add Tag
No Tags, Be the first to tag this record!

MARC

LEADER 00000nam#a2200000 4500
001 9781292015699
003 VST
005 20260317120218.0
006 m o d
007 cr#un#---uucau
008 150127s2015 xxk o 00 0 eng d
020 |a  9781292015699   |q  (ebook)  
020 |z  9780133544008   |q  (ebook)  
020 |z  9780133354850   |q  (hardcover)  
020 |z  9780133496581   |q  (ebook)  
020 |z  9781292015682   |q  (ebook)  
020 |z  9780133354942   |q  (ebook)  
040 |a VST  |b eng  |c VST  |d VST 
072 |a TEC009000  |2 bisacsh 
072 |a NON000000  |2 bisacsh 
072 |a THR  |2 bicssc 
072 |a TJK  |2 bicssc 
100 1 |a Proakis, John G.  |e author 
245 1 0 |a Fundamentals of Communication Systems, Global Edition/  |c  John G. Proakis, Masoud Salehi. 
250 |a Second edition 
264 1 |a Harlow :  |b Pearson International Content,  |c 2015. 
300 |a 1 online resource 
336 |a text  |b txt  |2 rdacontent 
337 |a computer  |b c  |2 rdamedia 
338 |a online resource  |b cr  |2 rdacarrier 
520 |a The full text downloaded to your computer With eBooks you can: search for key concepts, words and phrases make highlights and notes as you study share your notes with friends eBooks are downloaded to your computer and accessible either offline through the Bookshelf (available as a free download), available online and also via the iPad and Android apps. Upon purchase, you'll gain instant access to this eBook. Time limit The eBooks products do not have an expiry date. You will continue to access your digital ebook products whilst you have your Bookshelf installed. For one- or two-semester, senior-level undergraduate courses in Communication Systems for Electrical and Computer Engineering majors. This text introduces the basic techniques used in modern communication systems and provides fundamental tools and methodologies used in the analysis and design of these systems. The authors emphasise digital communication systems, including new generations of wireless communication systems, satellite communications, and data transmission networks. A background in calculus, linear algebra, basic electronic circuits, linear system theory, and probability and random variables is assumed. 
650 4 |a Non-Classifiable 
650 4 |a Technology & Engineering/Engineering (General) 
700 1 |a Salehi, Masoud  |e author 
776 0 8 |i Hardcover version:  |t Fundamentals of Communication Systems, Global Edition  |z 9780133354850 
856 4 0 |u https://resolver.vitalsource.com/9781292015699 
999 |c 249593  |d 249592